000 00713cam0a220022900 4500
001 qce01785896
005 20190823103822.0
008 750919s1963 enka 000 0 engx
010 _a 61003718
035 _a(Sirsi) r56856
035 _a(QCAT)lss00998769
035 _a(UPRA)qce01785896
040 _dUPRA
050 0 _aRC460
_b.H3 1963
082 _a362.3
100 2 _aHeaton-Ward, W. Alan (William Alan)
_qHeaton-Ward, W. Alan (William Alan)
_6A15727.1
245 1 0 _aMental subnormality :
_bsubnormality and severe subnormality.
260 _aBristol [England] :
_bJ. Wright,
_c1963.
650 0 _aMental illness.
_6S11292.1
949 _aRC460
_wlcc
_i-74045
_mMAIN
_tBOOK
_lON-SHELF
004 56856
999 _c149715
_d149716